000 00917nam a2200253 i 4500
001 bg
100 1 _aDREISBACH, Robert Hastings
245 1 0 _aVademecum zatruć :
_bzapobieganie, rozpoznawanie i postępowanie /
_cRobert H. Dreisbach, William O. Robertson ; z ang. przetł. Józef Mészáros, Waleria Hryniewicz.
246 _iTyt. oryg.:
_aHandbook of poisoning : prevention, diagnosis and treatment
250 _aWyd. polskie 3.
260 _aWarszawa :
_bWydaw. Lekarskie PZWL,
_c1995.
300 _a604 s. :
_brys., wykr. ;
_c20 cm.
500 _aOryg. : "Handbook of poisoning : prevention, diagnosis and treatment".
504 _aBibliogr. przy rozdz. - Indeks.
650 9 _aZatrucia
700 1 _aROBERTSON, William O.
020 _a8320018633
040 _cBPK
041 1 _apl
_hen
080 _a616-099
920 _a83-200-1863-3
942 _cKS
008 s pl f |000 0 pol
999 _c36087
_d36087
856 _uhttp://koha.tu.koszalin.pl/cgi-bin/koha/opac-detail.pl?biblionumber=36087
_yKatalog online BPK